| 000 | 00000nas##2200000za#4500 |
| 001 | 9.507599 |
| 003 | CaOODSP |
| 005 | 20200325094408 |
| 007 | cr ||||||||||| |
| 008 | 150406c2005||||xxc|| p o||||f| |0eng|d |
| 040 | |aCaOODSP|beng |
| 043 | |an-cn--- |
| 086 | 1 |aIu185-2E-PDF |
| 110 | 1 |aCanada. |bIndustry Canada. |
| 245 | 12|aA strategy to reduce paperwork burden for small businesses in Canada : |h[electronic resource]|bprogress report on the Paperwork Burden Reduction Initiative / |cSubmitted by the Advisory Committee on Paperwork Burden Reduction. |
| 260 | |aOttawa - Ontario : |bIndustry Canada |
| 310 | |aIrregular |
| 362 | 1 |a2005 - |
| 775 | 08|tStratégie d'allégement du fardeau de la paperasserie pour les petites entreprises du Canada : |w(CaOODSP)9.503984 |